| 000 | nam a22 a 4500 | ||
|---|---|---|---|
| 999 |
_c3892 _d3892 |
||
| 003 | AKMAL | ||
| 005 | 20170524120953.0 | ||
| 008 | 170524s1975 my 000 may d | ||
| 020 | _cRM12.00 (kkt) | ||
| 040 | _aAKMAL | ||
| 082 | 0 | 4 |
_a899.283 RAS _221 |
| 090 | 0 | 0 |
_a899.283 _bRAS |
| 100 | 0 |
_aAbdul Rashid bin Ngah _97678 |
|
| 245 | 1 | 0 |
_aDi-bawah alunan ombak / _coleh A. Rashid Ngah |
| 250 | _aEd. ke 9 | ||
| 260 |
_aKuala Lumpur : _bDewan Bahasa dan Pustaka, _c1961 |
||
| 300 | 0 | 0 |
_a153ms. ; _c18sm. |
| 650 | 0 |
_aMalay fiction _92141 |
|
| 942 |
_2ddc _cBOOK |
||